000 00802nam0a22002411 4500
001 rc\746306
005 20250622115557.0
035 _a(NLR Aleph) 006275131
090 _a6990991
_c6990991
100 _a20040301d1985 |||y0rusy50 ca
101 0 _arus
102 _aRU
105 _aa |||||||||
200 1 _aЛиловый восход
_eСтихи
_fСуюнбай Эралиев
_gПеревод с кирг. С. Куняева
_g[Худож. А. Митлянская]
210 _aМ.
_cМол. гвардия
_d1985
215 _a95 с.
_cил.
_d16
700 1 _aЭралиев
_bС.
_f1921-
_gСуюнбай
702 1 _aКуняев
_bС.Ю.
_gСтанислав Юрьевич
_4730
801 0 _aRU
_bNLR
_gpsbo
801 1 _aRU
_bELAR
_2rusmarc
852 _aNLR
_j86-2/896
942 _cBOOK
980 _aNB